Statistics for Anime: Black Butler Character Trivia

Click here to take the quiz!

General Stats

  • This quiz has been taken 153 times
  • The average score is 7 of 10

Answer Stats

HintAnswer% Correct
Every single one of their servants is a demon.Alois Trancy
82%
Who's middle names are 'Ethel Cordelia'?Elizabeth Midford
81%
Who is the steward and former butler of the Phantomhive household.Tanaka
81%
Who, when Ciel and Sebastian first encountered them, they were bald.Finney
75%
Who is also known as S-012.Finney
75%
Who is the manager of the Noah's ark Circus?Joker
68%
Along with the triplets, they does not possess black nails.Hannah Annafellows
60%
Who, from the noah's Ark Circus, is apparently self-conscious about their skin.Snake
58%
Who acts as Queen Victoria's aide?Ash Landers
51%
Who plays the Fish Footman in the special OVA, Ciel in Wonderland.Baldroy
40%

Score Distribution

Percentile by Number Answered

Percent of People with Each Score

Your Score History

You have not taken this quiz